[Event "CZE-chT 0910"]
[Site "Czech Republic"]
[Date "2010.04.18"]
[Round "11.6"]
[White "Kleberc, Karel"]
[Black "Kalod, Radek"]
[Result "1/2-1/2"]
[WhiteElo "2318"]
[BlackElo "2502"]
[PlyCount "43"]
[EventDate "2009.11.07"]
[EventType "team-tourn"]
[EventRounds "11"]
[EventCountry "CZE"]
[SourceTitle "CBM 135 Extra"]
[Source "ChessBase"]
[SourceDate "2010.05.04"]
[SourceVersion "1"]
[SourceVersionDate "2010.05.04"]
[SourceQuality "1"]
[WhiteTeam "Ostrava"]
[BlackTeam "Novoborsky"]
[WhiteTeamCountry "CZE"]
[BlackTeamCountry "CZE"]

1. Nf3 Nf6 2. c4 c5 3. Nc3 e6 4. g3 b6 5. Bg2 Bb7 6. 0-0 Be7 7. d4 cxd4 8. Qxd4 d6 9. Bg5 a6 10. Bxf6 Bxf6 11. Qd3 Ra7 12. Rad1 Be7 13. Nd4 Bxg2 14. Kxg2 0-0 15. f4 g6 16. b3 Qc8 17. Qf3 Rc7 18. Rd3 Nc6 19. Nxc6 Rxc6 20. Rfd1 Rd8 21. g4 Rc7 22. g5 1/2-1/2

[Event "CZE-chT 0910"]
[Site "Czech Republic"]
[Date "2010.04.17"]
[Round "10.6"]
[White "Vojta, Tomas"]
[Black "Kleberc, Karel"]
[Result "1/2-1/2"]
[WhiteElo "2370"]
[BlackElo "2318"]
[PlyCount "42"]
[EventDate "2009.11.07"]
[EventType "team-tourn"]
[EventRounds "11"]
[EventCountry "CZE"]
[SourceTitle "CBM 135 Extra"]
[Source "ChessBase"]
[SourceDate "2010.05.04"]
[SourceVersion "1"]
[SourceVersionDate "2010.05.04"]
[SourceQuality "1"]
[WhiteTeam "Turnov Zikuda"]
[BlackTeam "Ostrava"]
[WhiteTeamCountry "CZE"]
[BlackTeamCountry "CZE"]

1. e4 c6 2. d4 d5 3. f3 e6 4. Be3 Qb6 5. Nd2 c5 6. dxc5 Bxc5 7. Bxc5 Qxc5 8. exd5 Nf6 9. Nb3 Qe3+ 10. Qe2 Nxd5 11. Qxe3 Nxe3 12. Kf2 Nxf1 13. Rxf1 Nc6 14. Rd1 e5 15. Ne2 Bf5 16. c3 Ke7 17. Nc5 b6 18. Ng3 Be6 19. Nxe6 Kxe6 20. Ne4 Rad8 21. g4 f6 1/2-1/2

[Event "CZE-chT 0910"]
[Site "Czech Republic"]
[Date "2009.12.06"]
[Round "4.8"]
[White "Efler, David"]
[Black "Kleberc, Karel"]
[Result "1/2-1/2"]
[WhiteElo "2206"]
[BlackElo "2318"]
[PlyCount "81"]
[EventDate "2009.11.07"]
[EventType "team-tourn"]
[EventRounds "11"]
[EventCountry "CZE"]
[SourceTitle "CBM 133 Extra"]
[Source "ChessBase"]
[SourceDate "2010.01.05"]
[SourceVersion "1"]
[SourceVersionDate "2010.01.05"]
[SourceQuality "1"]
[WhiteTeam "Polabiny"]
[BlackTeam "Ostrava"]
[WhiteTeamCountry "CZE"]
[BlackTeamCountry "CZE"]

1. e4 c5 2. Nf3 e6 3. d4 cxd4 4. Nxd4 Nc6 5. Nb5 d6 6. c4 Nf6 7. N1c3 a6 8. Na3 Be7 9. Be2 0-0 10. 0-0 b6 11. Be3 Ne5 12. f4 Ned7 13. Bf3 Bb7 14. Qe2 Qc7 15. Nab1 h6 16. Nd2 Rfc8 17. Rac1 Qb8 18. Rfd1 Bc6 19. Nb3 Ra7 20. g4 Nh7 21. Nd4 Ba8 22. b3 Rac7 23. Na4 Re8 24. Qg2 Nhf8 25. Nc3 Ng6 26. Qh3 Bf6 27. Nce2 Nc5 28. Ng3 Bxd4 29. Rxd4 e5 30. fxe5 dxe5 31. Rd6 Nf4 32. Qh4 Ng6 33. Qh3 Nf4 34. Bxf4 exf4 35. Nf5 Ne6 36. Rcd1 Ng5 37. Qg2 Nxf3+ 38. Qxf3 Bxe4 39. Qxf4 Bxf5 40. gxf5 Rc5 41. h4 1/2-1/2

[Event "CZE-chT 0708"]
[Site "Czech Republic"]
[Date "2008.03.02"]
[Round "9.8"]
[White "Kleberc, Karel"]
[Black "Cifka, Stanislav"]
[Result "0-1"]
[WhiteElo "2287"]
[BlackElo "2406"]
[PlyCount "81"]
[EventDate "2007.11.17"]
[EventType "team-tourn"]
[EventRounds "11"]
[EventCountry "CZE"]
[SourceTitle "EXT 2009"]
[Source "ChessBase"]
[SourceDate "2008.11.26"]
[SourceVersion "1"]
[SourceVersionDate "2008.11.26"]
[SourceQuality "1"]
[WhiteTeam "Ostrava"]
[BlackTeam "Praha Mahrla"]
[WhiteTeamCountry "CZE"]
[BlackTeamCountry "CZE"]

1. Nf3 d5 2. g3 c6 3. b3 Bg4 4. Bg2 Nd7 5. Bb2 Ngf6 6. 0-0 Qb8 7. c4 e6 8. d3 Bd6 9. Nc3 0-0 10. a3 b5 11. cxb5 cxb5 12. Nd4 a6 13. b4 Rc8 14. Qd2 Ra7 15. h3 Bh5 16. e3 Bg6 17. f4 Nb6 18. g4 h5 19. g5 Nh7 20. f5 exf5 21. Nxf5 Bxf5 22. Rxf5 g6 23. Rff1 Be5 24. d4 Bg7 25. Qf2 Qd6 26. h4 f6 27. e4 fxg5 28. e5 Qd8 29. hxg5 Nxg5 30. Qg3 Kh7 31. Rae1 Rc4 32. Ne2 Rc2 33. Bc1 Ne6 34. Bh3 Qe8 35. Kh1 Rac7 36. Rg1 Ra2 37. Nc3 Rc2 38. Ne2 Nc4 39. Bxe6 Qxe6 40. Nf4 Qf5 41. Nxd5 0-1

[Event "CZE-chT 0708"]
[Site "Czech Republic"]
[Date "2008.03.01"]
[Round "8.8"]
[White "Vorisek, Jaroslav"]
[Black "Kleberc, Karel"]
[Result "0-1"]
[WhiteElo "2298"]
[BlackElo "2287"]
[PlyCount "100"]
[EventDate "2007.11.17"]
[EventType "team-tourn"]
[EventRounds "11"]
[EventCountry "CZE"]
[SourceTitle "EXT 2009"]
[Source "ChessBase"]
[SourceDate "2008.11.26"]
[SourceVersion "1"]
[SourceVersionDate "2008.11.26"]
[SourceQuality "1"]
[WhiteTeam "Bohemians"]
[BlackTeam "Ostrava"]
[WhiteTeamCountry "CZE"]
[BlackTeamCountry "CZE"]

1. d4 Nf6 2. Nf3 g6 3. g3 Bg7 4. Bg2 0-0 5. c4 d5 6. 0-0 Nc6 7. b3 dxc4 8. bxc4 Na5 9. Na3 c5 10. e3 Ne4 11. Ne5 Nc3 12. Qe1 cxd4 13. exd4 Qxd4 14. Bf4 g5 15. Nf3 Qc5 16. Bxg5 Qxa3 17. Bxe7 Qb2 18. Bxf8 Kxf8 19. Qe3 Qb6 20. c5 Qe6 21. Qd3 Qd5 22. Qxh7 Bf5 23. Ng5 Bxh7 24. Nxh7+ Kg8 25. Bxd5 Nxd5 26. Rad1 Nc3 27. Rd7 Kxh7 28. Rxf7 Re8 29. Kg2 Kg6 30. Rd7 Re2 31. h4 Nc4 32. Kh3 Ne4 33. f4 Re3 34. Rg1 Nxc5 35. f5+ Kh6 36. Rc7 b6 37. Rc6+ Kh7 38. f6 Bf8 39. Rd1 Nd3 40. Rxd3 Rxd3 41. Rxc4 Kg6 42. Rg4+ Kxf6 43. h5 Rd5 44. Kh4 Be7 45. Ra4 Ke6+ 46. Kg4 Rg5+ 47. Kf4 Rxh5 48. Rxa7 Ra5 49. Rxa5 bxa5 50. Ke4 Bf6 0-1

[Event "CZE-chT 0708"]
[Site "Czech Republic"]
[Date "2007.12.01"]
[Round "3.8"]
[White "Kleberc, Karel"]
[Black "Klima, Lukas"]
[Result "0-1"]
[WhiteElo "2287"]
[BlackElo "2422"]
[PlyCount "88"]
[EventDate "2007.11.17"]
[EventType "team-tourn"]
[EventRounds "11"]
[EventCountry "CZE"]
[SourceTitle "EXT 2009"]
[Source "ChessBase"]
[SourceDate "2008.11.26"]
[SourceVersion "1"]
[SourceVersionDate "2008.11.26"]
[SourceQuality "1"]
[WhiteTeam "Ostrava"]
[BlackTeam "Novoborsky"]
[WhiteTeamCountry "CZE"]
[BlackTeamCountry "CZE"]

1. Nf3 Nf6 2. c4 g6 3. g3 Bg7 4. Bg2 d6 5. d4 0-0 6. 0-0 Nbd7 7. Nc3 e5 8. e4 exd4 9. Nxd4 Re8 10. h3 a6 11. Re1 Rb8 12. Rb1 Ne5 13. Bf1 Bd7 14. f4 Nc6 15. Nb3 b5 16. cxb5 axb5 17. Bg2 b4 18. Nd5 Nxd5 19. Qxd5 Qc8 20. Kh2 Qa6 21. Bf1 Qa4 22. Bc4 Be6 23. Qd3 Bxc4 24. Qxc4 Qxa2 25. Be3 Na5 26. Nxa5 Qxa5 27. Bd4 Bxd4 28. Qxd4 b3 29. g4 Rb4 30. Qd2 Qb6 31. e5 Rd4 32. Qf2 dxe5 33. fxe5 Qb4 34. Re2 Re4 35. Rxe4 Qxe4 36. Re1 Qd5 37. Qe3 Re6 38. g5 Rc6 39. Re2 Rc2 40. Kg3 c5 41. Rf2 Qd4 42. Rf3 Qxe3 43. Rxe3 Rxb2 44. Rc3 Rb1 0-1

[Event "CZE-chT 0708"]
[Site "Czech Republic"]
[Date "2007.11.18"]
[Round "2.8"]
[White "Kleberc, Karel"]
[Black "Stehno, Pavel"]
[Result "1-0"]
[WhiteElo "2287"]
[BlackElo "2322"]
[PlyCount "65"]
[EventDate "2007.11.17"]
[EventType "team-tourn"]
[EventRounds "11"]
[EventCountry "CZE"]
[SourceTitle "EXT 2009"]
[Source "ChessBase"]
[SourceDate "2008.11.26"]
[SourceVersion "1"]
[SourceVersionDate "2008.11.26"]
[SourceQuality "1"]
[WhiteTeam "Ostrava"]
[BlackTeam "Pardubice"]
[WhiteTeamCountry "CZE"]
[BlackTeamCountry "CZE"]

1. Nf3 Nf6 2. c4 g6 3. Nc3 Bg7 4. e4 d6 5. d4 0-0 6. Be2 Nbd7 7. 0-0 e5 8. Re1 c6 9. Rb1 h6 10. b4 a5 11. a3 axb4 12. axb4 b6 13. Bf1 Ne8 14. b5 c5 15. dxe5 dxe5 16. Bb2 Nc7 17. Qd6 Re8 18. Nd5 Nxd5 19. Qxd5 Ra2 20. Bc3 Qc7 21. Qc6 Qd8 22. Rbd1 Ra3 23. Re3 Qe7 24. g3 Ra4 25. Qc7 Ra8 26. Red3 Nf6 27. Bxe5 Nxe4 28. Rd8 Bf8 29. Rxe8 Qxe8 30. Rd8 Qe6 31. Rxf8+ Kxf8 32. Qd8+ Qe8 33. Bg7+ 1-0

[Event "CZE-chT 0607"]
[Site "Czech Republic"]
[Date "2007.03.25"]
[Round "11.8"]
[White "Boska, Tomas"]
[Black "Kleberc, Karel"]
[Result "0-1"]
[WhiteElo "1913"]
[BlackElo "2276"]
[PlyCount "88"]
[EventDate "2006.12.01"]
[EventType "team"]
[EventRounds "11"]
[EventCountry "CZE"]
[SourceTitle "EXT 2008"]
[Source "ChessBase"]
[SourceDate "2007.11.25"]
[SourceVersion "1"]
[SourceVersionDate "2007.11.25"]
[SourceQuality "1"]
[WhiteTeam "Vysehrad"]
[BlackTeam "Ostrava"]
[WhiteTeamCountry "CZE"]
[BlackTeamCountry "CZE"]

1. e4 c5 2. Nf3 e6 3. d4 cxd4 4. Nxd4 Nc6 5. Nxc6 bxc6 6. c4 Bc5 7. Bd3 Qb6 8. 0-0 Bd4 9. Na3 d6 10. Rb1 a5 11. Nc2 Bf6 12. Be3 c5 13. b3 Ne7 14. f4 e5 15. f5 Nc6 16. a3 Qd8 17. b4 axb4 18. axb4 Nxb4 19. Nxb4 cxb4 20. Rxb4 0-0 21. Qb3 Bg5 22. Bf2 Bd2 23. Rb8 Rxb8 24. Qxb8 Ba5 25. Rd1 Qe7 26. Qb5 Qc7 27. Ra1 Bc3 28. Ra7 Qd8 29. Ra8 Qe7 30. Ra7 Qg5 31. Ra8 Bd4 32. Bxd4 exd4 33. Qb1 g6 34. Qf1 gxf5 35. exf5 Qe3+ 36. Kh1 Bb7 37. Rxf8+ Kxf8 38. Qe2 Be4 39. Qxe3 dxe3 40. Be2 Bxf5 41. Kg1 Kg7 42. Kf1 Kf6 43. Bf3 Ke5 44. Ke2 Kd4 0-1

[Event "CZE-chT 0607"]
[Site "Czech Republic"]
[Date "2007.03.24"]
[Round "10.8"]
[White "Kleberc, Karel"]
[Black "Hausner, Ivan"]
[Result "0-1"]
[WhiteElo "2276"]
[BlackElo "2388"]
[PlyCount "70"]
[EventDate "2006.12.01"]
[EventType "team"]
[EventRounds "11"]
[EventCountry "CZE"]
[SourceTitle "EXT 2008"]
[Source "ChessBase"]
[SourceDate "2007.11.25"]
[SourceVersion "1"]
[SourceVersionDate "2007.11.25"]
[SourceQuality "1"]
[WhiteTeam "Ostrava"]
[BlackTeam "Praha Mahrla"]
[WhiteTeamCountry "CZE"]
[BlackTeamCountry "CZE"]

1. Nf3 d6 2. d4 Bg4 3. e4 Nf6 4. Nc3 e6 5. d5 e5 6. Be2 Be7 7. 0-0 0-0 8. Be3 Ne8 9. Nd2 Bc8 10. Bg4 Nd7 11. Nc4 Bg5 12. Qd2 Bxe3 13. Qxe3 Nef6 14. Bh3 b6 15. a4 Ba6 16. Qe2 Qe7 17. b4 Bxc4 18. Qxc4 a5 19. Na2 axb4 20. Nxb4 Nb8 21. Rfe1 Ra5 22. Nd3 Na6 23. g3 Ra8 24. f4 Nc5 25. fxe5 dxe5 26. Qc3 Nfxe4 27. Qxe5 Qxe5 28. Nxe5 Rxa4 29. Rxa4 Rxa4 30. Nd7 g6 31. Nxc5 bxc5 32. Bf1 Kf8 33. Re3 Nd6 34. Rc3 Ra5 35. Kg2 c4 0-1

[Event "Ostrava CEZ op"]
[Site "Ostrava"]
[Date "2006.05.07"]
[Round "9"]
[White "Kleberc, Karel"]
[Black "Kolar, Stanislav"]
[Result "1-0"]
[WhiteElo "2281"]
[BlackElo "2128"]
[PlyCount "169"]
[EventDate "2006.04.29"]
[EventType "swiss"]
[EventRounds "9"]
[EventCountry "CZE"]
[SourceTitle "EXT 2008"]
[Source "ChessBase"]
[SourceDate "2007.11.25"]
[SourceVersion "1"]
[SourceVersionDate "2007.11.25"]
[SourceQuality "1"]

1. Nf3 Nf6 2. c4 e6 3. g3 d5 4. Bg2 c6 5. d4 Bb4+ 6. Bd2 Qe7 7. a3 Bxd2+ 8. Nbxd2 Nbd7 9. 0-0 0-0 10. Re1 Ne4 11. Nxe4 dxe4 12. Nd2 f5 13. Qb3 Qf6 14. Rad1 b6 15. Nf1 Bb7 16. c5 Rfd8 17. f3 exf3 18. exf3 Re8 19. f4 Rab8 20. Qe3 a5 21. b4 axb4 22. axb4 b5 23. Nd2 Ra8 24. Ra1 Kf7 25. Nb3 Qd8 26. Rxa8 Qxa8 27. Na5 Qc8 28. Qf3 Ba8 29. Qh5+ g6 30. Qe2 Nf6 31. Bf3 h5 32. Nb3 Qd7 33. Qe5 Rd8 34. Kg2 Re8 35. Qd6 Rd8 36. Qxd7+ Rxd7 37. Ra1 Bb7 38. Ra7 Bc8 39. Ra8 Rc7 40. Na5 Nd5 41. Bxd5 exd5 42. Nb3 Kf6 43. h4 Kf7 44. Rb8 Kf6 45. Na5 Ke7 46. Rb6 Bd7 47. Kf3 Kd8 48. Nb7+ Ke7 49. Kf2 Bc8 50. Nd6 Bd7 51. Ra6 Bc8 52. Ra8 Kd8 53. Ke3 Re7+ 54. Kd3 Rc7 55. Kc2 Kd7 56. Kc3 Kd8 57. Kb3 Kd7 58. Ra1 Kd8 59. Re1 Bd7 60. Nf7+ Kc8 61. Re7 Kb8 62. Nd6 Ra7 63. Rg7 Kc7 64. Rxg6 Ra1 65. Rg7 Rf1 66. Nxf5 Kd8 67. Nd6 Bg4 68. Nf7+ Ke8 69. Ne5 Rg1 70. Nxc6 Rxg3+ 71. Kb2 Rg2+ 72. Kc3 Rf2 73. Ne5 Rxf4 74. c6 Bf5 75. c7 Rxh4 76. Rg8+ Ke7 77. c8Q Bxc8 78. Rxc8 Rh3+ 79. Kd2 Ke6 80. Rf8 Rh2+ 81. Ke3 Rb2 82. Nd3 Rh2 83. Nf4+ Ke7 84. Rh8 h4 85. Rxh4 1-0

[Event "MOR-chT 0203"]
[Site "Moravia"]
[Date "2003.04.06"]
[Round "11"]
[White "Kleberc, Karel"]
[Black "Pospisil, Dusan"]
[Result "1-0"]
[WhiteElo "2311"]
[BlackElo "2215"]
[PlyCount "115"]
[EventDate "2002.10.??"]
[EventType "team"]
[EventRounds "11"]
[EventCountry "CZE"]
[SourceTitle "EXT 2006"]
[Source "ChessBase"]
[SourceDate "2005.11.24"]
[SourceVersion "1"]
[SourceVersionDate "2005.11.24"]
[SourceQuality "1"]

1. e4 c6 2. d3 g6 3. Nf3 Bg7 4. Be2 d5 5. Nbd2 e5 6. 0-0 Ne7 7. b4 a5 8. bxa5 Rxa5 9. Bb2 Nd7 10. a4 0-0 11. Ra3 b6 12. Qa1 Qc7 13. d4 dxe4 14. Nxe4 exd4 15. Nxd4 Nc5 16. Nxc5 Rxc5 17. c4 Rd8 18. Nxc6 Bxb2 19. Nxe7+ Qxe7 20. Qxb2 Re5 21. Bf3 Qc5 22. Bd5 Rde8 23. Rf3 Rf5 24. Rxf5 Bxf5 25. Qb5 Qxb5 26. axb5 Kf8 27. h3 Be6 28. Bc6 Rb8 29. Rc1 Ke7 30. c5 bxc5 31. Rxc5 Kd6 32. Rc3 Kc7 33. Kh2 Kb6 34. Rd3 Kc5 35. Kg3 g5 36. Re3 Kd6 37. h4 h6 38. Rd3+ Kc5 39. Re3 Kd6 40. Rd3+ Kc5 41. f4 Rg8 42. hxg5 hxg5 43. f5 Bc8 44. Kg4 f6 45. Rd5+ Kb6 46. Rd6 Rf8 47. Rd5 Rh8 48. g3 Kc7 49. Rd2 Rf8 50. Re2 Rd8 51. Re7+ Kd6 52. Re2 Kc5 53. Rc2+ Kb6 54. Rf2 Rh8 55. Re2 Rd8 56. Re6 Rd4+ 57. Kh5 Kc5 58. Rxf6 1-0

[Event "MOR-chT 0203"]
[Site "Moravia"]
[Date "2003.03.09"]
[Round "9"]
[White "Nabelek, Marek"]
[Black "Kleberc, Karel"]
[Result "1-0"]
[WhiteElo "2091"]
[BlackElo "2311"]
[PlyCount "83"]
[EventDate "2002.10.??"]
[EventType "team"]
[EventRounds "11"]
[EventCountry "CZE"]
[SourceTitle "EXT 2006"]
[Source "ChessBase"]
[SourceDate "2005.11.24"]
[SourceVersion "1"]
[SourceVersionDate "2005.11.24"]
[SourceQuality "1"]

1. e4 c5 2. Nf3 e6 3. d4 cxd4 4. Nxd4 Nc6 5. Nc3 a6 6. Be3 Qc7 7. Be2 Nf6 8. 0-0 Be7 9. f4 d6 10. Bf3 0-0 11. a4 Re8 12. Qd2 Rb8 13. Kh1 Bd7 14. Nb3 b6 15. g4 Bc8 16. g5 Nd7 17. Bg2 Na5 18. Nxa5 bxa5 19. Bd4 Bf8 20. Ne2 d5 21. exd5 exd5 22. Nc3 Rxb2 23. Rac1 Rb8 24. Nxd5 Qc4 25. Qc3 Qxc3 26. Nxc3 Rb4 27. Rcd1 Nc5 28. Nd5 Rxd4 29. Rxd4 Bf5 30. c3 Bc2 31. Nb6 Rb8 32. Nc4 Nxa4 33. Nxa5 Bc5 34. Nc6 Bxd4 35. Nxb8 Nxc3 36. Nxa6 g6 37. Nc7 Ne2 38. Ne8 Kf8 39. Nd6 Be3 40. Re1 Bd3 41. Be4 Bxe4+ 42. Nxe4 1-0

[Event "MOR-chT 0203"]
[Site "Moravia"]
[Date "2003.01.19"]
[Round "6"]
[White "Splichal, Stanislav"]
[Black "Kleberc, Karel"]
[Result "1/2-1/2"]
[WhiteElo "2167"]
[BlackElo "2311"]
[PlyCount "49"]
[EventDate "2002.10.??"]
[EventType "team"]
[EventRounds "11"]
[EventCountry "CZE"]
[SourceTitle "EXT 2005"]
[Source "ChessBase"]
[SourceDate "2004.11.15"]
[SourceVersion "1"]
[SourceVersionDate "2004.11.15"]
[SourceQuality "1"]

1. d4 Nf6 2. Nf3 g6 3. Bg5 Bg7 4. Nbd2 c5 5. e3 cxd4 6. exd4 h6 7. Bh4 0-0 8. Be2 d6 9. 0-0 Nc6 10. c3 e5 11. dxe5 dxe5 12. Nc4 e4 13. Nfd2 Qe7 14. Qc2 g5 15. Bg3 Rd8 16. a4 Bf5 17. Ne3 Bg6 18. Ndc4 Qe6 19. Rfd1 Nh5 20. Rxd8+ Rxd8 21. Rd1 Rxd1+ 22. Qxd1 Nf4 23. Bf1 Nd3 24. f3 b6 25. fxe4 1/2-1/2

[Event "MOR-chT 0203"]
[Site "Moravia"]
[Date "2002.12.08"]
[Round "4"]
[White "Svancara, Petr"]
[Black "Kleberc, Karel"]
[Result "1-0"]
[WhiteElo "2159"]
[BlackElo "2311"]
[PlyCount "109"]
[EventDate "2002.10.??"]
[EventType "team"]
[EventRounds "11"]
[EventCountry "CZE"]
[SourceTitle "EXT 2005"]
[Source "ChessBase"]
[SourceDate "2004.11.15"]
[SourceVersion "1"]
[SourceVersionDate "2004.11.15"]
[SourceQuality "1"]

1. e4 c5 2. Nc3 Nc6 3. Bb5 Nd4 4. a4 g6 5. Nge2 Bg7 6. 0-0 e6 7. d3 Ne7 8. Nxd4 cxd4 9. Ne2 0-0 10. Bg5 h6 11. Bh4 g5 12. Bg3 d6 13. a5 a6 14. Bc4 f5 15. f4 d5 16. exd5 Nxd5 17. Qd2 Ne3 18. Rfe1 Kh7 19. Bf2 gxf4 20. Nxf4 Qd6 21. Nh5 Be5 22. c3 f4 23. cxd4 Bxd4 24. Rxe3 fxe3 25. Bxe3 Qe5 26. Bxd4 Qxd4+ 27. Kh1 Qf2 28. Qxf2 Rxf2 29. Kg1 Rf8 30. Re1 Rf5 31. g4 Rxa5 32. Rf1 Rxh5 33. gxh5 Kg7 34. Kf2 Bd7 35. Rg1+ Kh7 36. d4 Rf8+ 37. Ke3 Rf6 38. Bd3+ Kh8 39. Be4 b6 40. Rc1 Rf7 41. Bg6 Re7 42. Ke4 Kg7 43. Ke5 Bb5 44. Rg1 Kh8 45. Kf6 Rg7 46. Rc1 Rg8 47. Kxe6 Rf8 48. d5 Rf2 49. Rc2 Rf3 50. d6 Re3+ 51. Kf6 Rf3+ 52. Ke7 Re3+ 53. Kd8 Re5 54. Rd2 Kg7 55. Kc7 1-0

[Event "CZE-chT 9900"]
[Site "Czech Republic"]
[Date "2000.02.06"]
[Round "9"]
[White "Kleberc, Karel"]
[Black "Kana, Pavel"]
[Result "1/2-1/2"]
[WhiteElo "2267"]
[BlackElo "2143"]
[PlyCount "52"]
[EventDate "1999.10.23"]
[EventType "team-tourn"]
[EventRounds "11"]
[EventCountry "CZE"]
[SourceTitle "EXT 2019"]
[Source "ChessBase"]
[SourceDate "2018.10.10"]
[SourceVersion "1"]
[SourceVersionDate "2018.10.10"]
[SourceQuality "1"]
[WhiteTeam "Ostrava Labortech"]
[BlackTeam "Karvina SK Banik CSA "]
[WhiteTeamCountry "CZE"]
[BlackTeamCountry "CZE"]

1. Nf3 Nf6 2. c4 e6 3. g3 b6 4. Bg2 Bb7 5. 0-0 c5 6. Nc3 Be7 7. d4 cxd4 8. Qxd4 d6 9. Bg5 a6 10. Bxf6 Bxf6 11. Qf4 0-0 12. Rfd1 Be7 13. Ne4 Bxe4 14. Qxe4 Ra7 15. Qe3 Nc6 16. Rac1 Qb8 17. h4 h6 18. Bh3 Kh8 19. Qe4 Rc7 20. e3 Rd8 21. Bf1 Qc8 22. Qf4 Rf8 23. e4 Kg8 24. Qe3 Qb7 25. Nd4 Nxd4 26. Rxd4 Rd8 1/2-1/2

[Event "CZE-chT 9900"]
[Site "Czech Republic"]
[Date "2000.02.05"]
[Round "8"]
[White "Kupka, Slavoj"]
[Black "Kleberc, Karel"]
[Result "1/2-1/2"]
[WhiteElo "2326"]
[BlackElo "2267"]
[PlyCount "50"]
[EventDate "1999.10.23"]
[EventType "team-tourn"]
[EventRounds "11"]
[EventCountry "CZE"]
[SourceTitle "EXT 2019"]
[Source "ChessBase"]
[SourceDate "2018.10.10"]
[SourceVersion "1"]
[SourceVersionDate "2018.10.10"]
[SourceQuality "1"]
[WhiteTeam "Trinec"]
[BlackTeam "Ostrava Labortech"]
[WhiteTeamCountry "CZE"]
[BlackTeamCountry "CZE"]

1. d4 Nf6 2. Nf3 g6 3. c4 Bg7 4. Nc3 d6 5. e4 0-0 6. Be2 e5 7. 0-0 Nc6 8. d5 Ne7 9. Ne1 Nd7 10. f3 f5 11. g4 Kh8 12. Nd3 Ng8 13. Qe1 Bh6 14. gxf5 gxf5 15. Kh1 f4 16. Rg1 Rf7 17. b4 Bg5 18. Nd1 Nf8 19. Bb2 Ng6 20. N1f2 Bh4 21. c5 Qf8 22. Qd2 Nf6 23. Rg2 Qh6 24. Rc1 Rg7 25. Rcg1 Bd7 1/2-1/2

[Event "CZE-chT 9900"]
[Site "Czech Republic"]
[Date "1999.11.21"]
[Round "4"]
[White "Simacek, Pavel"]
[Black "Kleberc, Karel"]
[Result "1/2-1/2"]
[WhiteElo "2346"]
[BlackElo "2267"]
[PlyCount "47"]
[EventDate "1999.10.23"]
[EventType "team-tourn"]
[EventRounds "11"]
[EventCountry "CZE"]
[SourceTitle "EXT 2019"]
[Source "ChessBase"]
[SourceDate "2018.10.10"]
[SourceVersion "1"]
[SourceVersionDate "2018.10.10"]
[SourceQuality "1"]
[WhiteTeam "Grygov A64 Valoz"]
[BlackTeam "Ostrava Labortech"]
[WhiteTeamCountry "CZE"]
[BlackTeamCountry "CZE"]

1. e4 c5 2. Nf3 e6 3. d4 cxd4 4. Nxd4 Nc6 5. Nc3 a6 6. g3 d6 7. Bg2 Bd7 8. 0-0 Nf6 9. Re1 Be7 10. Nxc6 Bxc6 11. a4 0-0 12. a5 Qc7 13. Be3 Nd7 14. Bd4 Rac8 15. Qg4 Bf6 16. Bxf6 Nxf6 17. Qf4 h6 18. Red1 Rfd8 19. Rd2 b6 20. axb6 Qxb6 21. b3 Qb4 22. Rd3 a5 23. Qd2 Qc5 24. Rd4 1/2-1/2